[Event "?"]
[Site "?"]
[Date "????.??.??"]
[Round "?"]
[White "Gerasimov, A."]
[Black "Balberov, A."]
[Result "0-1"]
[WhiteElo "2175"]
[BlackElo "2366"]
[PlyCount "108"]
[EventDate "27.??.??"]

1. d4 Nf6 2. c4 e6 3. Nf3 b6 4. g3 Ba6 5. b3 Bb4+ 6. Bd2 Be7 7. Bg2 c6 8. Bc3
O-O 9. O-O d5 10. Ne5 Nfd7 11. Nxd7 Nxd7 12. Nd2 Rc8 13. Re1 f5 14. e3 Nf6 15.
a3 c5 16. cxd5 Nxd5 17. Bb2 Bf6 18. e4 Nc7 19. e5 Be7 20. dxc5 Bxc5 21. b4 Be7
22. Rc1 Nd5 23. Rxc8 Bxc8 24. Nc4 Bb7 25. Qd4 Rf7 26. Ne3 Nxe3 27. Rxe3 Bxg2
28. Qxd8+ Bxd8 29. Kxg2 Rc7 30. Rd3 Be7 31. Bc3 Kf7 32. Kf1 g5 33. f3 h5 34. h3
Rc4 35. Ke2 g4 36. hxg4 fxg4 37. Bd2 gxf3+ 38. Kxf3 Ke8 39. Rc3 Rxc3+ 40. Bxc3
b5 41. Bd4 a6 42. g4 hxg4+ 43. Kxg4 Kd7 44. Kf4 Kc6 45. Ke4 Bg5 46. Bb2 Bd2 47.
Kd3 Be1 48. Kd4 a5 49. bxa5 Bxa5 50. Bc1 Bb6+ 51. Ke4 Bg1 52. Bb2 Kc5 53. Kd3
Kd5 54. Bc3 Bh2 0-1

[Event "?"]
[Site "?"]
[Date "????.??.??"]
[Round "?"]
[White "Scerbin, D."]
[Black "Turkeeva, Y."]
[Result "1-0"]
[WhiteElo "2369"]
[BlackElo "2039"]
[PlyCount "65"]
[EventDate "27.??.??"]

1. d4 d5 2. Nc3 Nf6 3. Bg5 Bf5 4. f3 c5 5. dxc5 d4 6. e4 dxc3 7. Qxd8+ Kxd8 8.
exf5 cxb2 9. Rb1 Nbd7 10. Rxb2 Nxc5 11. Bc4 e6 12. fxe6 fxe6 13. Ne2 Bd6 14.
O-O Re8 15. Nd4 a6 16. Re1 Kd7 17. a4 Rab8 18. a5 h6 19. Be3 g5 20. Bf2 h5 21.
Rd1 Kc7 22. Rb6 Rbd8 23. Rdb1 Nfd7 24. R6b2 Rb8 25. Re1 e5 26. Nf5 Bf8 27. Bf7
Red8 28. Bxh5 Nf6 29. Bf7 Rd2 30. Rxe5 Nfd7 31. Re1 Nd3 32. Bg3+ Nf4 33. Kh1
1-0

[Event "?"]
[Site "?"]
[Date "????.??.??"]
[Round "?"]
[White "Petrov, A."]
[Black "Varezhkin, V."]
[Result "0-1"]
[WhiteElo "2039"]
[BlackElo "2182"]
[PlyCount "112"]
[EventDate "27.??.??"]

1. e4 c5 2. Nf3 Nc6 3. d4 cxd4 4. Nxd4 Nf6 5. Nc3 e5 6. Ndb5 d6 7. Bg5 a6 8.
Na3 b5 9. Nd5 Be7 10. Bxf6 Bxf6 11. c4 b4 12. Nc2 Rb8 13. b3 Bg5 14. Be2 O-O
15. O-O Be6 16. Bg4 Rb7 17. g3 Qc8 18. Bf3 Qb8 19. Bg2 Bd8 20. Nde3 Bb6 21. Kh1
a5 22. Qd2 Nd4 23. f4 Nxc2 24. Nxc2 f6 25. f5 Bd7 26. g4 Bc6 27. g5 fxg5 28.
Qxg5 Rbf7 29. Rad1 Rf6 30. Rd3 Qb7 31. Re1 Kh8 32. Rh3 Qf7 33. Ne3 Bxe3 34.
Qxe3 g6 35. fxg6 Qxg6 36. Rg3 Qf7 37. Rg1 Rf4 38. h3 Qb7 39. Re1 R8f6 40. Kh2
Be8 41. Rd1 Qc7 42. Rc1 Rg6 43. Rxg6 hxg6 44. c5 Bf7 45. cxd6 Qxd6 46. Qc5 Rf6
47. Qxd6 Rxd6 48. Rc5 Ra6 49. Rxe5 a4 50. Rb5 Bxb3 51. Rxb4 Bxa2 52. Bf1 Ra8
53. Kg3 a3 54. Bd3 Bf7 55. Rb1 a2 56. Ra1 Ra3 0-1

[Event "?"]
[Site "?"]
[Date "????.??.??"]
[Round "?"]
[White "Strzelecki, J."]
[Black "Zimmer, R."]
[Result "1-0"]
[WhiteElo "2094"]
[BlackElo "1424"]
[PlyCount "101"]
[EventDate "27.??.??"]

1. c4 c5 2. Nf3 Nf6 3. Nc3 d5 4. cxd5 Nxd5 5. d4 cxd4 6. Qxd4 e6 7. e4 Nb4 8.
Qxd8+ Kxd8 9. Bg5+ f6 10. O-O-O+ Bd7 11. Be3 a6 12. Nd4 Ke7 13. Be2 e5 14. Nf5+
Bxf5 15. exf5 Nd7 16. a3 Nc6 17. Nd5+ Kf7 18. Nc7 Rd8 19. Ne6 Be7 20. Nxd8+
Rxd8 21. Bc4+ Ke8 22. Be6 Nf8 23. Rxd8+ Kxd8 24. Bb6+ Ke8 25. Bc8 Nb8 26. Bxb7
Nfd7 27. Ba7 Bc5 28. Bxb8 Nxb8 29. f3 Kd7 30. Kc2 a5 31. Kd3 a4 32. Rc1 Bd4 33.
Rc8 Bxb2 34. Rxb8 Kc7 35. Ra8 Kxb7 36. Rxa4 g6 37. Rb4+ Ka6 38. Rxb2 gxf5 39.
Kc4 f4 40. Kd5 h5 41. Ke6 h4 42. h3 Ka5 43. Rb4 Ka6 44. Kxf6 e4 45. fxe4 f3 46.
gxf3 Ka5 47. e5 Ka6 48. e6 Ka7 49. e7 Ka6 50. e8=Q Ka7 51. Qa4# 1-0

[Event "?"]
[Site "?"]
[Date "????.??.??"]
[Round "?"]
[White "Meshkov, I."]
[Black "Ghadimi, M."]
[Result "1/2-1/2"]
[WhiteElo "2363"]
[BlackElo "2146"]
[PlyCount "160"]
[EventDate "2013.??.??"]

1. Nf3 d5 2. g3 Bg4 3. Bg2 Nd7 4. c4 e6 5. b3 Be7 6. Bb2 Bf6 7. Nc3 Ne7 8. cxd5
exd5 9. h3 Be6 10. d4 O-O 11. O-O Re8 12. e3 Nf5 13. Ne1 c6 14. Nd3 Nf8 15. Nc5
Bc8 16. b4 Nd6 17. a4 Nc4 18. Bc1 Ne6 19. Nd3 Ng5 20. Nf4 Ne6 21. Nd3 Ng5 22.
Nf4 Ne6 23. Nfe2 a6 24. Ra2 Ng5 25. h4 Ne4 26. Nxe4 dxe4 27. Qc2 Nd6 28. Nf4
Bg4 29. Ba3 Rc8 30. Rc1 g6 31. Qb1 Qd7 32. b5 axb5 33. Bxd6 Qxd6 34. axb5 c5
35. dxc5 Rxc5 36. Rxc5 Qxc5 37. Bxe4 Bd7 38. Bd3 Re5 39. Bf1 Qb6 40. Qb3 Kg7
41. Bc4 Rc5 42. Nd5 Qd6 43. Nxf6 Qxf6 44. Rd2 Bh3 45. Bd5 Bd7 46. Bc4 Bh3 47.
Kh2 Bg4 48. Bf1 Be6 49. Qb4 b6 50. Qd4 Rc1 51. Bh3 Qxd4 52. Rxd4 Bc4 53. Bd7
Be2 54. g4 Rb1 55. Rd6 Bxb5 56. Rxb6 Bd3 57. Rd6 Bc4 58. g5 h5 59. gxh6+ Kxh6
60. Bg4 Rb2 61. Kg3 Be2 62. f3 Rb5 63. e4 Kg7 64. Kf4 Ra5 65. Rc6 Bd1 66. Rb6
Be2 67. Rb4 Bd1 68. e5 Ra4 69. Rxa4 Bxa4 70. Kg5 Bb3 71. h5 gxh5 72. Bxh5 Bd5
73. f4 f6+ 74. Kf5 fxe5 75. fxe5 Kf8 76. Kf6 Bf7 77. Bf3 Bb3 78. Bc6 Bc4 79.
Bd7 Bb3 80. Be6 Ba4 1/2-1/2

[Event "?"]
[Site "?"]
[Date "????.??.??"]
[Round "?"]
[White "Huss, R."]
[Black "Babarykin, S."]
[Result "0-1"]
[WhiteElo "2150"]
[BlackElo "2319"]
[PlyCount "100"]
[EventDate "2013.??.??"]

1. d4 d5 2. c4 e6 3. Nc3 c6 4. Nf3 Nf6 5. Bg5 h6 6. Bxf6 Qxf6 7. Qc2 Nd7 8. e3
g6 9. Rc1 Bg7 10. Be2 O-O 11. O-O Qe7 12. a3 dxc4 13. Bxc4 b6 14. Ne2 Bb7 15.
Nf4 Qf6 16. Rfd1 Rfd8 17. Qe2 c5 18. d5 e5 19. Ne6 e4 20. Nd2 fxe6 21. dxe6 Kh7
22. exd7 Rxd7 23. b4 cxb4 24. Bb5 Re7 25. axb4 a6 26. Ba4 b5 27. Bc2 Rd8 28.
Nb3 Rxd1+ 29. Rxd1 Qc3 30. Nc5 Qxb4 31. Nxb7 Rxb7 32. Qg4 Re7 33. f3 a5 34.
Bxe4 Rxe4 35. fxe4 a4 36. h4 h5 37. Qe6 a3 38. Kh2 Qc4 39. Qe7 a2 40. e5 Qg8
41. g4 hxg4 42. h5 gxh5 43. Kg3 Qf8 44. Qxf8 Bxf8 45. Ra1 Kg6 46. Rxa2 Kg5 47.
Ra8 h4+ 48. Kg2 Be7 49. Re8 Bc5 50. e4 b4 0-1

[Event "?"]
[Site "?"]
[Date "????.??.??"]
[Round "?"]
[White "Gunajew, R."]
[Black "Stachanczyk, J."]
[Result "0-1"]
[WhiteElo "2296"]
[BlackElo "2229"]
[PlyCount "78"]
[EventDate "2013.??.??"]

1. d4 d5 2. Nf3 Nf6 3. Bf4 c5 4. c3 cxd4 5. cxd4 Nc6 6. Nc3 Bf5 7. e3 e6 8. a3
Be7 9. h3 O-O 10. Be2 Rc8 11. Rc1 Qb6 12. Na4 Qa5+ 13. Kf1 b5 14. Nc5 Ne4 15.
Nxe4 Bxe4 16. Nd2 b4 17. Nb3 Qb6 18. a4 Na5 19. Nxa5 Qxa5 20. f3 Bg6 21. b3 Rc3
22. Rxc3 bxc3 23. Bd3 Bxd3+ 24. Qxd3 Qb4 25. Qc2 Rc8 26. Ke2 Bd6 27. Bxd6 Qxd6
28. Rd1 g5 29. Rd3 Qc7 30. Kf2 Kg7 31. Rd1 a5 32. Rh1 f5 33. g4 f4 34. e4 Qc6
35. Rd1 dxe4 36. Qxe4 c2 37. Rc1 Qc3 38. Kg2 Qe3 39. Qb7+ Kg6 0-1

[Event "?"]
[Site "?"]
[Date "????.??.??"]
[Round "?"]
[White "Obodchuk, A."]
[Black "Dukaczewski, P."]
[Result "1-0"]
[WhiteElo "2414"]
[BlackElo "2280"]
[PlyCount "85"]
[EventDate "2013.??.??"]

1. d4 d5 2. c4 dxc4 3. e4 e6 4. Nc3 c5 5. d5 Nf6 6. Bxc4 exd5 7. exd5 a6 8. Nf3
Bd6 9. Qe2+ Qe7 10. Qxe7+ Kxe7 11. O-O Bf5 12. Re1+ Kf8 13. Nh4 Bg6 14. Bf1
Nbd7 15. g3 Re8 16. Bg5 h6 17. Rxe8+ Nxe8 18. Nxg6+ fxg6 19. Be3 Nef6 20. Rd1
Ke7 21. Bh3 b5 22. Re1 Kd8 23. Be6 g5 24. f3 Ne5 25. Kg2 Nc4 26. Bc1 Kc7 27.
Ne4 Nb6 28. Nxf6 gxf6 29. f4 c4 30. Be3 Na4 31. b3 gxf4 32. gxf4 Nb2 33. Kf3
Bb4 34. Rg1 Be7 35. Rg7 Kd6 36. b4 Nd3 37. Bc5+ Nxc5 38. bxc5+ Kxc5 39. Rxe7
Kd4 40. d6 c3 41. Rc7 Kd3 42. Rc8 c2 43. Bf5+ 1-0

[Event "?"]
[Site "?"]
[Date "????.??.??"]
[Round "?"]
[White "Kevorkov, A."]
[Black "Rudolf, T."]
[Result "0-1"]
[WhiteElo "2212"]
[BlackElo "1931"]
[PlyCount "78"]
[EventDate "2013.??.??"]

1. e4 c6 2. d4 d5 3. Nd2 dxe4 4. Nxe4 Bf5 5. Ng3 Bg6 6. h4 h6 7. Nf3 Nd7 8. h5
Bh7 9. Bd3 Bxd3 10. Qxd3 Ngf6 11. Bd2 Qc7 12. O-O-O e6 13. Ne4 O-O-O 14. g3
Nxe4 15. Qxe4 Bd6 16. c4 c5 17. Kb1 cxd4 18. Nxd4 a6 19. Qe2 Be5 20. Bc3 Bf6
21. Rd2 Nc5 22. b3 Rd6 23. Rhd1 Rhd8 24. Qe3 Kb8 25. f4 b6 26. g4 Qb7 27. Re1
e5 28. Ne2 Rxd2 29. Bxd2 Rd3 30. Nc3 Rxe3 31. Rxe3 exf4 32. Re8+ Ka7 33. Nd5 f3
34. Be3 f2 35. Bxf2 Qd7 36. Rf8 Kb7 37. b4 Na4 38. Kc2 b5 39. Bg3 bxc4 0-1

[Event "?"]
[Site "?"]
[Date "????.??.??"]
[Round "?"]
[White "Anfinogenov, A."]
[Black "Mackowiak, M."]
[Result "1/2-1/2"]
[WhiteElo "2035"]
[BlackElo "2174"]
[PlyCount "103"]
[EventDate "2013.??.??"]

1. d4 g6 2. c4 Bg7 3. Nc3 d6 4. e4 Nd7 5. Nf3 Ngf6 6. Be2 O-O 7. h3 e5 8. d5
Nc5 9. Qc2 a5 10. Bg5 h6 11. Be3 a4 12. Nd2 Bd7 13. a3 c6 14. g4 cxd5 15. cxd5
Ne8 16. h4 Qb8 17. g5 h5 18. Rg1 b5 19. Na2 Na6 20. Rc1 b4 21. Nxb4 Nxb4 22.
axb4 Qxb4 23. Qc3 Qb7 24. Qa3 Rb8 25. Nc4 Bb5 26. Na5 Qa6 27. Nc6 Rb7 28. Bxb5
Qxb5 29. Rc2 Rd7 30. Kd2 Kh7 31. Qd3 Qb7 32. Ra1 f5 33. Rxa4 fxe4 34. Qxe4 Nc7
35. Ra7 Qb5 36. Qd3 Rff7 37. Qxb5 Nxb5 38. Rxd7 Rxd7 39. Kd3 Kg8 40. Ke4 Kf8
41. b4 Ke8 42. f3 Rb7 43. Bd2 Kd7 44. Ra2 Nc7 45. Na7 Bf8 46. Bc3 Be7 47. Ra5
Bd8 48. Ra1 Ne8 49. Nc6 Nc7 50. Na7 Ne8 51. Nc6 Nc7 52. Na7 1/2-1/2

[Event "?"]
[Site "?"]
[Date "????.??.??"]
[Round "?"]
[White "Hoyer, O."]
[Black "Suder, R."]
[Result "0-1"]
[WhiteElo "1889"]
[BlackElo "2131"]
[PlyCount "80"]
[EventDate "2013.??.??"]

1. Nf3 Nf6 2. g3 g6 3. Bg2 Bg7 4. O-O O-O 5. d4 d5 6. c4 c6 7. Nc3 dxc4 8. a4
a5 9. e4 Na6 10. Qe2 Be6 11. Rd1 h6 12. Ne5 Qb6 13. Nxc4 Bxc4 14. Qxc4 Rad8 15.
h3 Qb4 16. Qxb4 Nxb4 17. Rd2 Nd7 18. Na2 Nb6 19. Nxb4 axb4 20. d5 Ra8 21. dxc6
bxc6 22. Rc2 Nxa4 23. Rxc6 Nxb2 24. Rxa8 Rxa8 25. Bxb2 Bxb2 26. Rb6 Ra1+ 27.
Kh2 Bc3 28. e5 Re1 29. e6 fxe6 30. Bc6 Re2 31. Bd7 Rxf2+ 32. Kg1 Rf6 33. Rxe6
Rxe6 34. Bxe6+ Kg7 35. Kf2 Kf6 36. Bb3 Ke5 37. Bc2 g5 38. Ke3 Be1 39. g4 Bg3
40. Bb3 Bh2 0-1

[Event "?"]
[Site "?"]
[Date "????.??.??"]
[Round "?"]
[White "Denisov, D."]
[Black "Migala, A."]
[Result "1/2-1/2"]
[WhiteElo "1965"]
[BlackElo "2057"]
[PlyCount "89"]
[EventDate "2013.??.??"]

1. e4 c5 2. Nf3 d6 3. Bb5+ Nc6 4. O-O Bd7 5. c3 a6 6. Be2 Nf6 7. d3 Bg4 8. h3
Bh5 9. d4 cxd4 10. cxd4 d5 11. e5 Ne4 12. Be3 e6 13. Nbd2 Nxd2 14. Qxd2 Be7 15.
Rfc1 O-O 16. a3 Rc8 17. Rc3 Qd7 18. Rac1 Na7 19. Bg5 Rc6 20. Rxc6 Rc8 21. Bxe7
Qxe7 22. Rxc8+ Nxc8 23. g4 Bg6 24. Qc3 Qd7 25. Nd2 Ne7 26. Nb3 Nc6 27. Nc5 Qc8
28. b4 Nd8 29. Qb2 f6 30. b5 axb5 31. exf6 b6 32. Nd3 Bxd3 33. Bxd3 gxf6 34.
Qxb5 Qc6 35. Qa6 Qc7 36. Qa4 Qc6 37. Qa7 Qb7 38. Qxb7 Nxb7 39. Kf1 Nd6 40. Ke2
h6 41. a4 Kf7 42. f4 f5 43. Ke3 Kf6 44. Kf3 Ne4 45. Ke3 1/2-1/2

[Event "?"]
[Site "?"]
[Date "????.??.??"]
[Round "?"]
[White "Zimmermann, F."]
[Black "Strekalovski, V."]
[Result "0-1"]
[WhiteElo "1844"]
[BlackElo "2096"]
[PlyCount "56"]
[EventDate "2013.??.??"]

1. Nf3 c6 2. d4 Qc7 3. g3 d6 4. Bg2 e5 5. Nc3 Bg4 6. O-O Be7 7. h3 Bh5 8. b3
Nd7 9. Bb2 Ngf6 10. dxe5 dxe5 11. Nd2 Rd8 12. Qe1 Nc5 13. Nce4 Nfxe4 14. Nxe4
Nxe4 15. Bxe4 Bg6 16. Bxg6 hxg6 17. Kg2 Qd7 18. Rh1 Bg5 19. Rd1 Bd2 20. Qf1 Qf5
21. f3 Qxc2 22. Bxe5 O-O 23. a4 Rfe8 24. Bc7 Rd7 25. Bf4 Bxf4 26. gxf4 Rxe2+
27. Kg3 Rxd1 28. Qxd1 Rg2+ 0-1

[Event "?"]
[Site "?"]
[Date "????.??.??"]
[Round "?"]
[White "Andreev, G."]
[Black "Inaganti, A."]
[Result "1/2-1/2"]
[WhiteElo "1808"]
[BlackElo "2023"]
[PlyCount "83"]
[EventDate "2013.??.??"]

1. e4 e6 2. d4 d5 3. exd5 exd5 4. Bd3 Bd6 5. h3 Ne7 6. Bg5 f6 7. Bc1 Bf5 8. Ne2
O-O 9. Bf4 Nbc6 10. c3 Bxd3 11. Qxd3 Ng6 12. Bxd6 Qxd6 13. O-O Rfe8 14. Nd2
Nce7 15. Ng3 Qf4 16. Nf3 Nh4 17. Nxh4 Qxh4 18. Rae1 c6 19. Nf5 Nxf5 20. Qxf5
Re4 21. Rxe4 Qxe4 22. Qd7 Rb8 23. Qc7 Qe8 24. b3 Qd8 25. Qg3 Qe8 26. Rd1 Rd8
27. Kf1 Qd7 28. Re1 Kf7 29. Qf3 g6 30. Qf4 Re8 31. Rxe8 Qxe8 32. Qc7+ Qe7 33.
Qxe7+ Kxe7 34. Ke2 Ke6 35. c4 Kf5 36. Kf3 h5 37. g4+ hxg4+ 38. hxg4+ Ke6 39.
Kf4 b6 40. a4 Kd6 41. Ke3 a5 42. Kf4 1/2-1/2

[Event "?"]
[Site "?"]
[Date "????.??.??"]
[Round "?"]
[White "Falkowski, D."]
[Black "Michalowski, R."]
[Result "0-1"]
[WhiteElo "2013"]
[BlackElo "1795"]
[PlyCount "92"]
[EventDate "2013.??.??"]

1. e4 d5 2. exd5 Qxd5 3. d4 c6 4. c4 Qd8 5. Nc3 Nf6 6. Bf4 Bg4 7. f3 Bf5 8.
Nge2 e6 9. Ng3 Bg6 10. Qb3 Qb6 11. Qxb6 axb6 12. Nge4 Nxe4 13. fxe4 Bb4 14. Bd3
Nd7 15. Bg5 O-O 16. O-O Bxc3 17. bxc3 Ra3 18. Be7 Rxc3 19. Bxf8 Rxd3 20. Be7
Rxd4 21. Rfd1 c5 22. Rxd4 cxd4 23. Rc1 e5 24. Kf2 f6 25. Kf3 Be8 26. c5 Kf7 27.
Bd8 Nxc5 28. Bxb6 Ne6 29. h4 Bc6 30. Ba5 g5 31. Be1 h5 32. g4 hxg4+ 33. Kxg4
Bxe4 34. Bd2 f5+ 35. Kh5 Bf3+ 36. Kh6 gxh4 37. Rf1 e4 38. Rf2 f4 39. a4 Kf6 40.
a5 Ke5 41. Rh2 e3 42. Be1 Nc5 43. Kg5 Ne4+ 44. Kxh4 d3 45. Rb2 d2 46. Bxd2 exd2
0-1

[Event "?"]
[Site "?"]
[Date "????.??.??"]
[Round "?"]
[White "Kohnen, K."]
[Black "Shajakhmetov, L."]
[Result "0-1"]
[WhiteElo "1399"]
[BlackElo "2013"]
[PlyCount "102"]
[EventDate "2013.??.??"]

1. e4 d6 2. g3 e5 3. Bg2 Nc6 4. Ne2 Nf6 5. d3 Be7 6. Nbc3 O-O 7. O-O h6 8. h3
Nh7 9. f4 Bf6 10. Nd5 exf4 11. Nxf6+ Nxf6 12. Nxf4 Be6 13. Kh2 Qd7 14. Nxe6
fxe6 15. Be3 e5 16. a3 Rae8 17. Bf3 a6 18. Qe2 d5 19. exd5 Nxd5 20. Bc5 Nd4 21.
Bxd5+ Qxd5 22. Rxf8+ Rxf8 23. Bxd4 Qxd4 24. Rf1 Rxf1 25. Qxf1 Qxb2 26. Qg2 c6
27. Qe2 b5 28. Qg2 Qc3 29. h4 a5 30. Kh3 Qc5 31. Qe2 Qd5 32. Qe1 a4 33. Qa1 e4
34. dxe4 Qxe4 35. Qd1 Kh7 36. Qc1 c5 37. c3 Kg6 38. Qf1 Qf5+ 39. Qxf5+ Kxf5 40.
g4+ Kf4 41. h5 b4 42. cxb4 cxb4 43. axb4 a3 44. b5 a2 45. b6 a1=Q 46. b7 Qb2
47. b8=Q+ Qxb8 48. Kh4 Qc8 49. Kh3 Qxg4+ 50. Kh2 Kf3 51. Kh1 Qg2# 0-1

[Event "?"]
[Site "?"]
[Date "????.??.??"]
[Round "?"]
[White "Kireeva, L."]
[Black "Kurochkina, E."]
[Result "1-0"]
[WhiteElo "2061"]
[BlackElo "1812"]
[PlyCount "79"]
[EventDate "2013.??.??"]

1. d4 e6 2. e4 d5 3. e5 c5 4. c3 Qb6 5. a3 Nc6 6. Nf3 cxd4 7. cxd4 Nh6 8. b4
Nf5 9. Bb2 Bd7 10. g4 Nfe7 11. Nc3 Na5 12. Na4 Bxa4 13. Qxa4+ Nec6 14. Bc3 Nc4
15. Bxc4 dxc4 16. b5 Nxe5 17. Nxe5 f6 18. Nxc4 Qd8 19. b6+ Kf7 20. bxa7 Qd5 21.
Ke2 b5 22. Ne3 Qxh1 23. Qxb5 Qxh2 24. Qb7+ Be7 25. Bb4 Rhe8 26. Bxe7 Kg8 27.
Bc5 Qf4 28. Rb1 f5 29. gxf5 exf5 30. Qd5+ Kh8 31. Rb7 Rad8 32. Rd7 Qg4+ 33. Kd2
Rxd7 34. Qxd7 Qe4 35. Qxf5 Qb7 36. Kc3 Rc8 37. Nc4 Qa6 38. f3 g6 39. Qxc8+ Qxc8
40. Nb6 1-0

[Event "?"]
[Site "?"]
[Date "????.??.??"]
[Round "?"]
[White "Alchinidi, Y."]
[Black "Malina, O."]
[Result "1-0"]
[WhiteElo "1997"]
[BlackElo "1790"]
[PlyCount "75"]
[EventDate "2013.??.??"]

1. d4 d5 2. Nf3 Nf6 3. Nc3 Bf5 4. h3 h6 5. e3 e6 6. Bd3 Ne4 7. a3 Be7 8. Bxe4
dxe4 9. Nd2 O-O 10. Ndxe4 Bxe4 11. Nxe4 Qd5 12. Qf3 f5 13. Nd2 c6 14. c4 Qd6
15. O-O Nd7 16. b4 a6 17. Qe2 e5 18. Bb2 Bf6 19. c5 Qd5 20. dxe5 Bxe5 21. Bxe5
Nxe5 22. Rfd1 Qf7 23. Nf3 Rae8 24. Rd4 g5 25. Rad1 f4 26. exf4 Nxf3+ 27. Qxf3
gxf4 28. Rd6 Re6 29. Qg4+ Qg6 30. Qxg6+ Rxg6 31. Rxg6+ Kf7 32. Rxh6 Kg7 33.
Rdd6 Rf5 34. Rhe6 Rf7 35. Rg6+ Kf8 36. Rgf6 Ke7 37. Rxf7+ Kxf7 38. Rd7+ 1-0

[Event "?"]
[Site "?"]
[Date "????.??.??"]
[Round "?"]
[White "Mansursky, S."]
[Black "Chernov, I."]
[Result "1-0"]
[WhiteElo "1751"]
[BlackElo "2086"]
[PlyCount "109"]
[EventDate "2013.??.??"]

1. c4 Nf6 2. Nc3 g6 3. Nf3 c5 4. e4 d6 5. Be2 Bg7 6. O-O O-O 7. Qc2 Qc7 8. d3
Nc6 9. Nb5 Qb8 10. a3 a6 11. Nc3 Nd4 12. Nxd4 cxd4 13. Nd5 Nxd5 14. exd5 Bd7
15. a4 Qa7 16. b3 Rac8 17. a5 e5 18. Ba3 Qb8 19. f3 f5 20. Rad1 f4 21. Qd2 g5
22. Qb4 Rf6 23. Qe1 Kf7 24. g4 fxg3 25. hxg3 Kg8 26. g4 Rf4 27. Bc1 Bf6 28. Rf2
Rf8 29. Bxf4 gxf4 30. Rh2 Rf7 31. Qb4 Bc8 32. Kf2 Qc7 33. Rdh1 Rg7 34. Qa3 Qc5
35. b4 Qc7 36. b5 Qc5 37. Qxc5 dxc5 38. bxa6 bxa6 39. Ra1 Rb7 40. Rhh1 Bd8 41.
Ra2 Bg5 42. Bd1 Be7 43. Ba4 Bf6 44. Bc6 Rb3 45. d6 Be6 46. Ke2 Kg7 47. Be4 h6
48. Bf5 Bxf5 49. gxf5 Rb8 50. Kd2 Rd8 51. Rb2 Rxd6 52. Rb7+ Kg8 53. Rxh6 Rc6
54. Rg6+ Kf8 55. Rb6 1-0

[Event "?"]
[Site "?"]
[Date "????.??.??"]
[Round "?"]
[White "Gründer, M."]
[Black "Balakhieva, K."]
[Result "1-0"]
[WhiteElo "2009"]
[BlackElo "1802"]
[PlyCount "73"]
[EventDate "2013.??.??"]

1. c4 c5 2. Nc3 e6 3. Nf3 Nc6 4. g3 b6 5. Bg2 Ba6 6. d3 Be7 7. O-O h6 8. e4 Qc7
9. Re1 e5 10. a3 Bb7 11. Bd2 g5 12. h3 a6 13. Nd5 Qd8 14. Qb3 Nd4 15. Nxd4 Bxd5
16. exd5 cxd4 17. d6 Rb8 18. dxe7 Qxe7 19. Qa4 a5 20. Qb5 Qd6 21. Rxe5+ Ne7 22.
Rae1 O-O 23. Rxe7 Qg6 24. Be4 Qd6 25. Qf5 Qg6 26. Qxg6+ fxg6 27. Rxd7 Rf7 28.
Bd5 Rbf8 29. Rxf7 Rxf7 30. Re7 Kf8 31. Rxf7+ Ke8 32. c5 bxc5 33. Bxa5 c4 34.
Bxc4 g4 35. Bb4 Kd8 36. Be6 h5 37. Bd6 1-0

[Event "?"]
[Site "?"]
[Date "????.??.??"]
[Round "?"]
[White "Vasquez, G."]
[Black "Checiak, K."]
[Result "0-1"]
[WhiteElo "2013"]
[BlackElo "2149"]
[PlyCount "108"]
[EventDate "2013.??.??"]

1. Nf3 Nf6 2. g3 g6 3. Bg2 Bg7 4. O-O O-O 5. d3 d5 6. Nbd2 c5 7. e4 Nc6 8. Re1
e5 9. c3 h6 10. exd5 Nxd5 11. Nc4 Re8 12. a4 Rb8 13. h3 Bf5 14. Nh4 Be6 15. Qc2
Rc8 16. Bd2 g5 17. Nf3 Bf5 18. Bf1 Rc7 19. Rad1 Rd7 20. Bc1 Bg6 21. a5 b5 22.
axb6 axb6 23. Qb3 Qc7 24. Bg2 Red8 25. g4 Na5 26. Nxa5 bxa5 27. h4 Nf4 28. Bxf4
gxf4 29. Nd2 Bxd3 30. Ne4 c4 31. Qa4 Rb8 32. Ra1 Qd8 33. h5 Rxb2 34. Ra2 Rxa2
35. Qxa2 Ra7 36. Rd1 Bf8 37. Bf1 Qa8 38. Bxd3 cxd3 39. f3 Qd8 40. Qc4 a4 41.
Rxd3 Qb6+ 42. Kg2 a3 43. Rd2 Ra8 44. Qd5 Ra6 45. Qxe5 a2 46. Rd1 Qb2+ 47. Kh3
a1=Q 48. Rxa1 Qxa1 49. Qxf4 Qh1+ 50. Kg3 Qg1+ 51. Kh3 Ra2 52. Nf6+ Kh8 53. Qe5
Qg2+ 54. Kh4 Be7 0-1

[Event "?"]
[Site "?"]
[Date "????.??.??"]
[Round "?"]
[White "Russo Spena, V."]
[Black "Mende, H."]
[Result "0-1"]
[WhiteElo "1486"]
[BlackElo "1730"]
[PlyCount "50"]
[EventDate "2013.??.??"]

1. d4 d5 2. c4 e6 3. Nc3 Nf6 4. e3 Be7 5. Nf3 O-O 6. Be2 Nbd7 7. O-O c6 8. c5
b6 9. b4 a5 10. Qa4 Bb7 11. b5 cxb5 12. Qxb5 Ba6 13. Qb2 bxc5 14. dxc5 Nxc5 15.
Ne5 Qc7 16. Nb5 Bxb5 17. Bxb5 Bd6 18. f4 Bxe5 19. fxe5 Ng4 20. Qd4 Ne4 21. Bb2
f6 22. h3 Nxe5 23. Rac1 Qa7 24. Bd3 Qxd4 25. Bxd4 Nxd3 0-1